[Event "Montreal op"]
[Site "Montreal CAN"]
[Date "2014.09.05"]
[Round "1"]
[White "Sambuev, Bator"]
[Black "Wan, Kevin"]
[Result "1-0"]
[WhiteElo "2571"]
[BlackElo "2171"]
[PlyCount "139"]
[EventDate "2014.09.05"]
[EventType "swiss"]
[EventRounds "5"]
[EventCountry "CAN"]

1. d4 d5 2. c4 e6 3. Nc3 Nf6 4. Bg5 Nbd7 5. e3 c6 6. Nf3 Qa5 7. cxd5 exd5 8.
Nd2 Be7 9. Bd3 O-O 10. O-O Re8 11. Rb1 h6 12. Bh4 Nf8 13. Qc2 Ne6 14. Rfc1 Bd7
15. Bxf6 Bxf6 16. b4 Qd8 17. b5 Qe7 18. bxc6 bxc6 19. Rb7 Qd6 20. Rcb1 c5 21.
Rxd7 Qxd7 22. Bb5 Qd6 23. Bxe8 Rxe8 24. Nb5 Qe7 25. dxc5 Qxc5 26. Qxc5 Nxc5 27.
Kf1 Rb8 28. Nxa7 Ra8 29. Rc1 Rxa7 30. Rxc5 Rxa2 31. Rxd5 Ra4 32. h3 g6 33. g4
Kg7 34. Kg2 Bc3 35. Nf3 Re4 36. Kg3 Re6 37. h4 Re4 38. h5 Bf6 39. hxg6 Kxg6 40.
Nd2 Re6 41. Nf1 Rc6 42. f4 Rc1 43. Nd2 Bc3 44. Ne4 Be1+ 45. Kf3 Bh4 46. Rh5 Be7
47. Ng3 Rc6 48. Nf5 Bf8 49. Nh4+ Kh7 50. Rf5 Kg7 51. Rd5 Rc8 52. Nf5+ Kg8 53.
Rd7 Ra8 54. Kg3 Rb8 55. Kh4 Ra8 56. Kh5 Ra6 57. Rd8 Re6 58. Ra8 Rb6 59. Re8 Ra6
60. e4 Rb6 61. e5 Ra6 62. Rb8 Re6 63. Ra8 Rb6 64. Kh4 Re6 65. Nd4 Re7 66. Rc8
Rd7 67. Nf5 Rd1 68. Nxh6+ Kg7 69. Nf5+ Kg8 70. Kg5 1-0

[Event "Montreal op"]
[Site "Montreal CAN"]
[Date "2014.09.05"]
[Round "1"]
[White "Sprumont, Oscar"]
[Black "Yu, Zong Yang"]
[Result "0-1"]
[WhiteElo "2108"]
[BlackElo "2304"]
[PlyCount "94"]
[EventDate "2014.09.05"]
[EventType "swiss"]
[EventRounds "5"]
[EventCountry "CAN"]

1. Nf3 Nf6 2. c4 e6 3. g3 d5 4. Bg2 Bd6 5. Nc3 O-O 6. b3 b6 7. O-O c6 8. Bb2
Nbd7 9. d3 Bb7 10. e4 Bb4 11. e5 Ne8 12. a3 Be7 13. Qe2 Nc7 14. Rae1 a5 15. h4
b5 16. a4 Nc5 17. cxb5 cxb5 18. axb5 d4 19. Na4 Nxb5 20. Nxc5 Bxc5 21. Nd2 Bxg2
22. Kxg2 Bb4 23. Rb1 Qd5+ 24. Kg1 Bxd2 25. Qxd2 Qxb3 26. Ba3 Qc3 27. Qxc3 Nxc3
28. Bxf8 Nxb1 29. Rxb1 Kxf8 30. Kg2 a4 31. Kf3 a3 32. Ke2 h5 33. Kd2 Kg8 34.
Kc2 Rc8+ 35. Kd2 Kh7 36. Rb4 Ra8 37. Rb1 Kg6 38. Ra1 Kf5 39. Kc2 Kg4 40. Kb3
Kf3 41. Ra2 Rc8 42. Rd2 Rc3+ 43. Ka2 g6 44. Ka1 Rc1+ 45. Ka2 Rf1 46. Kxa3 Rxf2
47. Rd1 Kxg3 0-1

[Event "Montreal op"]
[Site "Montreal CAN"]
[Date "2014.09.05"]
[Round "1"]
[White "Wilkin, Alain"]
[Black "Nicula, Marius"]
[Result "0-1"]
[WhiteElo "1935"]
[BlackElo "2233"]
[PlyCount "67"]
[EventDate "2014.09.05"]
[EventType "swiss"]
[EventRounds "5"]
[EventCountry "CAN"]

1. d4 e6 2. g3 d5 3. Bg2 f5 4. Nh3 Nf6 5. Nf4 Be7 6. h4 O-O 7. Nd2 Bd6 8. Nf3
Ne4 9. O-O Qf6 10. c3 Nd7 11. Qe1 c6 12. Nd3 h6 13. Nfe5 Bxe5 14. Nxe5 Nxe5 15.
dxe5 Qxe5 16. Bf4 Qf6 17. f3 e5 18. fxe4 exf4 19. exd5 fxg3 20. Qxg3 f4 21. Qf2
cxd5 22. Bxd5+ Be6 23. Bg2 Rad8 24. e3 Bc4 25. Rfd1 Rxd1+ 26. Rxd1 f3 27. Bh3
Be2 28. Rd4 Qg6+ 29. Kh2 Re8 30. e4 Rxe4 31. Rd8+ Kh7 32. Qc5 Rxh4 33. Qf2
Rxh3+ 34. Kxh3 0-1

[Event "Montreal op"]
[Site "Montreal CAN"]
[Date "2014.09.05"]
[Round "1"]
[White "Zhou, Qiyu"]
[Black "Hirschberg, Valerian"]
[Result "1/2-1/2"]
[WhiteElo "2113"]
[BlackElo "2319"]
[PlyCount "132"]
[EventDate "2014.09.05"]
[EventType "swiss"]
[EventRounds "5"]
[EventCountry "CAN"]

1. e4 c5 2. Nf3 Nc6 3. d4 cxd4 4. Nxd4 Nf6 5. Nc3 e5 6. Ndb5 d6 7. Bg5 a6 8.
Na3 b5 9. Nd5 Be7 10. Bxf6 Bxf6 11. c4 b4 12. Nc2 O-O 13. Qf3 Bg5 14. h4 Bh6
15. Ndxb4 Nxb4 16. Nxb4 Qb6 17. Qc3 Bb7 18. Nd5 Bxd5 19. exd5 e4 20. g3 g6 21.
Rb1 Rae8 22. Be2 Bg7 23. Qc2 Bd4 24. O-O f5 25. Kg2 h5 26. f4 exf3+ 27. Rxf3
Re5 28. Bd3 Rfe8 29. b4 Re3 30. c5 Qc7 31. Rbf1 dxc5 32. bxc5 Bxc5 33. Qc4 Qa5
34. d6+ Kg7 35. d7 Rd8 36. Bxf5 Rxf3 37. Rxf3 gxf5 38. Rxf5 Qd2+ 39. Kh3 Qxd7
40. Qxc5 Kg6 41. g4 hxg4+ 42. Kxg4 Qd1+ 43. Kg3 Rd3+ 44. Kf2 Rd2+ 45. Kg3 Qe1+
46. Rf2 Qg1+ 47. Kf3 Qh1+ 48. Ke3 Qe1+ 49. Kf3 Qh1+ 50. Ke3 Rxf2 51. Kxf2 Qxh4+
52. Ke3 Qh3+ 53. Kd4 Qg4+ 54. Kc3 Qg3+ 55. Kb4 Qe1+ 56. Qc3 Qxc3+ 57. Kxc3 Kf6
58. Kb4 Ke7 59. Ka5 Kd7 60. Kxa6 Kc8 61. Ka7 Kc7 62. a4 Kc8 63. a5 Kc7 64. a6
Kc8 65. Ka8 Kc7 66. a7 Kc8 1/2-1/2

[Event "Montreal op"]
[Site "Montreal CAN"]
[Date "2014.09.06"]
[Round "2"]
[White "Bolduc, Steve"]
[Black "Sambuev, Bator"]
[Result "0-1"]
[WhiteElo "2269"]
[BlackElo "2571"]
[PlyCount "48"]
[EventDate "2014.09.05"]
[EventType "swiss"]
[EventRounds "5"]
[EventCountry "CAN"]

1. d4 d5 2. Bf4 c5 3. e3 cxd4 4. exd4 Nc6 5. c3 Bf5 6. Qb3 Qd7 7. Nf3 e6 8.
Nbd2 a6 9. Nh4 Bg6 10. Nxg6 hxg6 11. Bd3 Nf6 12. h3 Nh5 13. Bh2 Bd6 14. Bxd6
Qxd6 15. g3 O-O 16. Be2 e5 17. dxe5 Qxe5 18. Kf1 Nxg3+ 19. fxg3 Rae8 20. Rh2
Qxg3 21. Rg2 Qxh3 22. Bf3 Re3 23. Bxd5 Rd3 24. Rd1 Na5 0-1

[Event "Montreal op"]
[Site "Montreal CAN"]
[Date "2014.09.06"]
[Round "2"]
[White "Bouchard, Jean-Marc"]
[Black "Drolet, Stephane"]
[Result "0-1"]
[WhiteElo "1971"]
[BlackElo "2135"]
[PlyCount "90"]
[EventDate "2014.09.05"]
[EventType "swiss"]
[EventRounds "5"]
[EventCountry "CAN"]

1. e4 c5 2. Nf3 e6 3. c4 b6 4. d4 cxd4 5. Nxd4 Bb7 6. Bd3 d6 7. O-O Nd7 8. Qa4
Ngf6 9. Nc3 a6 10. Bg5 Qc7 11. Bxf6 gxf6 12. Kh1 Qc5 13. Nce2 Rg8 14. f4 f5 15.
b4 Qc7 16. Qc2 Rc8 17. Rac1 fxe4 18. Bxe4 d5 19. cxd5 Qxc2 20. Rxc2 Rxc2 21.
Nxc2 Nf6 22. Bf3 Bxd5 23. Nc3 Bxf3 24. Rxf3 Bd6 25. b5 axb5 26. Nxb5 Bc5 27.
Ne3 Ke7 28. Nc4 Rd8 29. Rf1 Ne4 30. g3 Ra8 31. a3 Ra4 32. Rc1 Nf2+ 33. Kg2 Ng4
34. Nb2 Ra8 35. a4 Rd8 36. Nc4 h5 37. h3 Nf6 38. Ra1 Rd3 39. a5 bxa5 40. Rxa5
Ne4 41. g4 hxg4 42. hxg4 Rg3+ 43. Kf1 Rxg4 44. Ne5 Rxf4+ 45. Ke2 Rf2+ 0-1

[Event "Montreal op"]
[Site "Montreal CAN"]
[Date "2014.09.06"]
[Round "2"]
[White "Cardona, Misael"]
[Black "Wilkin, Alain"]
[Result "1-0"]
[WhiteElo "2111"]
[BlackElo "1935"]
[PlyCount "79"]
[EventDate "2014.09.05"]
[EventType "swiss"]
[EventRounds "5"]
[EventCountry "CAN"]

1. d4 Nf6 2. c4 e6 3. Nc3 d5 4. Bg5 c6 5. Nf3 Nbd7 6. e3 Qa5 7. Nd2 dxc4 8.
Bxf6 gxf6 9. Nxc4 Qd8 10. g3 Nb6 11. Qb3 Nxc4 12. Qxc4 f5 13. Bg2 Be7 14. O-O
O-O 15. b4 Bd7 16. Rab1 Rc8 17. Rfd1 Qe8 18. Qd3 Rc7 19. Re1 Qc8 20. e4 fxe4
21. Bxe4 f5 22. Bg2 Bf6 23. Rbd1 Kh8 24. Ne2 Be8 25. Nf4 Bf7 26. Qe3 Re8 27.
Nd3 Bg7 28. a3 Rce7 29. Ne5 Bg8 30. Rc1 Rc7 31. Qf4 Ree7 32. Rc5 Bxe5 33. Qxe5+
Rg7 34. Rec1 Rcd7 35. b5 Qd8 36. bxc6 bxc6 37. R1c4 Qb6 38. Bxc6 Rc7 39. Bf3
Qb1+ 40. Kg2 1-0

[Event "Montreal op"]
[Site "Montreal CAN"]
[Date "2014.09.06"]
[Round "2"]
[White "Hirschberg, Valerian"]
[Black "Robichaud, Louis"]
[Result "1-0"]
[WhiteElo "2319"]
[BlackElo "2075"]
[PlyCount "53"]
[EventDate "2014.09.05"]
[EventType "swiss"]
[EventRounds "5"]
[EventCountry "CAN"]

1. Nf3 Nf6 2. c4 g6 3. g3 Bg7 4. Bg2 O-O 5. d4 d6 6. Nc3 Nbd7 7. O-O e5 8. e4
exd4 9. Nxd4 c6 10. h3 a5 11. Be3 Re8 12. Qc2 Nc5 13. Rad1 Nfd7 14. f4 Qe7 15.
Bf2 a4 16. b4 axb3 17. axb3 Na6 18. Na2 Ndc5 19. Rfe1 Ne6 20. b4 Nxd4 21. Bxd4
Bxd4+ 22. Rxd4 d5 23. cxd5 cxd5 24. e5 Nc7 25. Nc3 h5 26. Bxd5 Bxh3 27. Qxg6+
1-0

[Event "Montreal op"]
[Site "Montreal CAN"]
[Date "2014.09.06"]
[Round "2"]
[White "Jacquet, Stephane"]
[Black "Zhu, Hong Rui"]
[Result "0-1"]
[WhiteElo "2040"]
[BlackElo "2203"]
[PlyCount "80"]
[EventDate "2014.09.05"]
[EventType "swiss"]
[EventRounds "5"]
[EventCountry "CAN"]

1. d4 Nf6 2. c4 g6 3. Nc3 d5 4. cxd5 Nxd5 5. e4 Nxc3 6. bxc3 Bg7 7. Bc4 c5 8.
Ne2 O-O 9. O-O Nc6 10. Be3 Qc7 11. Qc2 Na5 12. Bd5 e6 13. Bb3 Nxb3 14. axb3
cxd4 15. Bxd4 Bd7 16. Bxg7 Kxg7 17. f4 e5 18. c4 Bg4 19. Nc3 exf4 20. Nd5 Qe5
21. Qf2 g5 22. Rae1 b6 23. h4 h6 24. Qd2 Rad8 25. hxg5 hxg5 26. g3 fxg3 27. Rf5
Bxf5 28. Qxg5+ Kh8 29. Qh5+ Kg8 30. Qg5+ Qg7 31. Nf6+ Kh8 32. Qxf5 Qh6 33. Ng4
Qg6 34. Qe5+ f6 35. Qxg3 Rd7 36. Re2 Rg8 37. Rh2+ Rh7 38. Rg2 Qxe4 39. Qf2 Qb1+
40. Qf1 Rh1+ 0-1

[Event "Montreal op"]
[Site "Montreal CAN"]
[Date "2014.09.06"]
[Round "2"]
[White "Lopez Linares, Lizandro"]
[Black "Masse, Hugues"]
[Result "0-1"]
[WhiteElo "2125"]
[BlackElo "2305"]
[PlyCount "102"]
[EventDate "2014.09.05"]
[EventType "swiss"]
[EventRounds "5"]
[EventCountry "CAN"]

1. d4 Nf6 2. c4 g6 3. Nc3 d5 4. cxd5 Nxd5 5. Bd2 Bg7 6. e4 Nxc3 7. Bxc3 O-O 8.
Nf3 Bg4 9. Be2 c5 10. d5 e6 11. Bxg7 Kxg7 12. O-O exd5 13. exd5 Qd6 14. Qb3 b6
15. Rad1 Nd7 16. h3 Bxf3 17. Bxf3 Rfe8 18. Rfe1 Rxe1+ 19. Rxe1 Rd8 20. g3 Nf6
21. Qc3 Kg8 22. Qc4 Re8 23. Rxe8+ Nxe8 24. Qa4 Qe7 25. Qc6 Nd6 26. Kg2 Kg7 27.
g4 Nc4 28. Qb5 Nd6 29. Qc6 Nc4 30. Qb5 Ne5 31. Qe2 Qf6 32. Be4 h5 33. gxh5 Qg5+
34. Kh1 gxh5 35. Bg2 h4 36. b3 Qc1+ 37. Kh2 Qf4+ 38. Kh1 Qc1+ 39. Kh2 Qf4+ 40.
Kh1 Qd4 41. Qh5 Ng6 42. Qe2 Qa1+ 43. Kh2 Qe5+ 44. Qxe5+ Nxe5 45. Be4 Kf6 46. f4
Ng6 47. Bxg6 fxg6 48. Kg2 Ke7 49. Kf3 Kd6 50. Ke4 b5 51. a3 a5 0-1

[Event "Montreal op"]
[Site "Montreal CAN"]
[Date "2014.09.06"]
[Round "2"]
[White "MacKinnon, Keith"]
[Black "Munro, Allan"]
[Result "1-0"]
[WhiteElo "2283"]
[BlackElo "2120"]
[PlyCount "51"]
[EventDate "2014.09.05"]
[EventType "swiss"]
[EventRounds "5"]
[EventCountry "CAN"]

1. e4 e5 2. Nf3 Nc6 3. Bb5 d6 4. d4 exd4 5. Nxd4 Bd7 6. Nc3 g6 7. O-O Bg7 8.
Be3 Nf6 9. h3 O-O 10. f4 Re8 11. Nxc6 bxc6 12. Bd3 c5 13. e5 dxe5 14. fxe5 Rxe5
15. Bf4 Re8 16. Qf3 Be6 17. Bb5 Nd7 18. Bc6 Rb8 19. Nb5 Rxb5 20. Bxb5 Bxb2 21.
Rad1 Bd4+ 22. Kh1 Re7 23. c3 Bg7 24. Qb7 c6 25. Bxc6 Qb6 26. Qa8+ 1-0

[Event "Montreal op"]
[Site "Montreal CAN"]
[Date "2014.09.06"]
[Round "2"]
[White "Ming, Wenyang"]
[Black "Nikulich, Oleksandr"]
[Result "0-1"]
[WhiteElo "2117"]
[BlackElo "2008"]
[PlyCount "92"]
[EventDate "2014.09.05"]
[EventType "swiss"]
[EventRounds "5"]
[EventCountry "CAN"]

1. e4 e5 2. Nf3 Nc6 3. Bc4 Bc5 4. c3 Nf6 5. d3 h6 6. h3 d6 7. Bb3 Be6 8. Bc2 d5
9. Qe2 O-O 10. Nbd2 a6 11. g4 Qd7 12. Nf1 Nh7 13. Ng3 f6 14. Nf5 Kh8 15. h4 Qf7
16. Bd2 Ne7 17. Rg1 dxe4 18. dxe4 Rfd8 19. g5 Bc4 20. Qd1 Nxf5 21. exf5 Qh5 22.
g6 Nf8 23. Rg3 e4 24. b3 Bd5 25. Nd4 Qxh4 26. Qg4 Qxg4 27. Rxg4 Nd7 28. Bxe4
Ne5 29. Rh4 Bxe4 30. Rxe4 Bxd4 31. cxd4 Nf3+ 32. Ke2 Nxd4+ 33. Kd1 Nf3 34. Re2
Rd5 35. Rc1 Rad8 36. Rxc7 Rxd2+ 37. Rxd2 Nxd2 38. Kc2 b5 39. Ra7 Nf3 40. Rxa6
Nd4+ 41. Kc3 h5 42. a4 bxa4 43. bxa4 h4 44. Rb6 h3 45. a5 h2 46. Rb1 Ne2+ 0-1

[Event "Montreal op"]
[Site "Montreal CAN"]
[Date "2014.09.06"]
[Round "2"]
[White "Turcotte, Jonathan"]
[Black "Zhou, Qiyu"]
[Result "1-0"]
[WhiteElo "2088"]
[BlackElo "2113"]
[PlyCount "97"]
[EventDate "2014.09.05"]
[EventType "swiss"]
[EventRounds "5"]
[EventCountry "CAN"]

1. d4 Nf6 2. Nf3 g6 3. c4 Bg7 4. Nc3 O-O 5. e4 d6 6. Be2 e5 7. O-O Nc6 8. d5
Ne7 9. b4 Ne8 10. c5 f5 11. Ng5 Nf6 12. f3 h6 13. Ne6 Bxe6 14. dxe6 d5 15. exd5
Nfxd5 16. Nxd5 Nxd5 17. Bc4 c6 18. Qb3 Kh7 19. Bb2 Qe7 20. Bxd5 cxd5 21. Qxd5
Rad8 22. Qb3 Rd2 23. Bc3 Rd3 24. Rad1 Rfd8 25. Rxd3 Rxd3 26. Qc4 e4 27. Bxg7
Qxg7 28. fxe4 Rd4 29. Qc2 Rxb4 30. exf5 gxf5 31. Qxf5+ Kg8 32. Qf7+ Qxf7 33.
Rxf7 a6 34. a3 Re4 35. Rxb7 Rxe6 36. Rb6 Re5 37. Rxh6 Rxc5 38. Rxa6 Rc2 39. Ra7
Kf8 40. h3 Rc3 41. Kh2 Rd3 42. h4 Ke8 43. g3 Kd8 44. Kh3 Kc8 45. h5 Kb8 46. Ra4
Kc7 47. Kh4 Kd6 48. h6 Ke6 49. g4 1-0

[Event "Montreal op"]
[Site "Montreal CAN"]
[Date "2014.09.06"]
[Round "2"]
[White "Wan, Kevin"]
[Black "Sprumont, Oscar"]
[Result "1-0"]
[WhiteElo "2171"]
[BlackElo "2108"]
[PlyCount "135"]
[EventDate "2014.09.05"]
[EventType "swiss"]
[EventRounds "5"]
[EventCountry "CAN"]

1. e4 e6 2. d4 d5 3. Nd2 c5 4. exd5 Qxd5 5. Ngf3 cxd4 6. Bc4 Qd6 7. O-O Nf6 8.
Nb3 Nc6 9. Nbxd4 Nxd4 10. Qxd4 Qxd4 11. Nxd4 Bc5 12. Nb3 Bd6 13. Nd4 O-O 14. a4
Bd7 15. b3 Ng4 16. h3 Ne5 17. Bb5 a6 18. Bxd7 Nxd7 19. Rd1 Be5 20. Ba3 Rfe8 21.
Rab1 Nf6 22. Nf3 Bc3 23. Nd4 b5 24. axb5 Bxd4 25. Rxd4 axb5 26. Bd6 Rec8 27. c4
bxc4 28. Rxc4 Nd5 29. Rxc8+ Rxc8 30. b4 Rd8 31. Bc5 Rb8 32. Rb2 Nc3 33. Rb3 Ne4
34. Be3 Rb5 35. Kf1 e5 36. Ke2 Kf8 37. Kd3 Nd6 38. Bc5 Ke7 39. Ra3 Kd7 40. Ra7+
Rb7 41. Ra8 f6 42. Rh8 h6 43. Ra8 Rc7 44. Ra7 Rxa7 45. Bxa7 Kc6 46. Bc5 Nb5 47.
Bf8 g6 48. Bxh6 f5 49. Bf8 Kd5 50. Bc5 Nc7 51. Ke3 Ne6 52. Be7 Nf4 53. Kf3 Kc4
54. Bg5 Nd3 55. Bd2 Kb5 56. Kg3 e4 57. f3 e3 58. Bxe3 Kxb4 59. Kh4 Kc4 60. Kg5
Ne1 61. Kxg6 Nxg2 62. Bg5 f4 63. Kf5 Kd3 64. h4 Ke2 65. h5 Kxf3 66. h6 Ne3+ 67.
Ke6 Kg4 68. Bxf4 1-0

[Event "Montreal op"]
[Site "Montreal CAN"]
[Date "2014.09.06"]
[Round "2"]
[White "Yu, Zong Yang"]
[Black "Libersan, Thierry"]
[Result "1-0"]
[WhiteElo "2304"]
[BlackElo "2212"]
[PlyCount "119"]
[EventDate "2014.09.05"]
[EventType "swiss"]
[EventRounds "5"]
[EventCountry "CAN"]

1. d4 d5 2. Nf3 e6 3. c4 c6 4. Qc2 f5 5. Bf4 Nf6 6. e3 Bb4+ 7. Nc3 Ne4 8. Bd3
Qa5 9. O-O O-O 10. Ne5 Nd7 11. f3 Nxe5 12. Bxe5 Nxc3 13. bxc3 Bxc3 14. Rab1 Bd2
15. e4 Qc3 16. Qxc3 Bxc3 17. exd5 exd5 18. Rfc1 Ba5 19. cxd5 cxd5 20. Rb5 Bb6
21. Rxd5 Be6 22. Rd6 Bxa2 23. Ra1 Bb3 24. Ra3 Bf7 25. Rd7 Rfd8 26. Rxb7 Bxd4+
27. Bxd4 Rxd4 28. Bxf5 Rd2 29. Raxa7 Rxa7 30. Rxa7 g6 31. Be4 Kg7 32. h4 Kf6
33. Kh2 Rb2 34. Ra6+ Ke5 35. Rc6 Rd2 36. Kg3 Rb2 37. h5 gxh5 38. Rh6 Bg6 39.
Bxg6 hxg6 40. Rxg6 Kf5 41. Rg8 Rb1 42. Kh2 Ra1 43. g3 Ra2+ 44. Kh3 Ra1 45. f4
Ke4 46. Rb8 Kf5 47. Rb5+ Kg6 48. Rb6+ Kg7 49. Kh4 Rg1 50. Rb5 Rh1+ 51. Kg5 Rh3
52. Rb7+ Kg8 53. Rb3 Kg7 54. f5 Kf7 55. Ra3 Kg7 56. f6+ Kf7 57. Kf5 Rh1 58.
Ra7+ Ke8 59. f7+ Kf8 60. Kg6 1-0

[Event "Montreal op"]
[Site "Montreal CAN"]
[Date "2014.09.06"]
[Round "3"]
[White "Drolet, Stephane"]
[Black "Bolduc, Steve"]
[Result "0-1"]
[WhiteElo "2135"]
[BlackElo "2269"]
[PlyCount "80"]
[EventDate "2014.09.05"]
[EventType "swiss"]
[EventRounds "5"]
[EventCountry "CAN"]

1. d4 Nf6 2. Nf3 e6 3. Bg5 h6 4. Bh4 d5 5. e3 Nbd7 6. Bd3 c5 7. c3 Qb6 8. Qc2
Bd6 9. Nbd2 e5 10. dxe5 Bxe5 11. Nxe5 Nxe5 12. Be2 O-O 13. h3 Re8 14. O-O Bd7
15. Rfe1 Qe6 16. Bg3 Bc6 17. Nf3 Nc4 18. b3 Nd6 19. Ne5 Bb5 20. Nd3 Bxd3 21.
Bxd3 c4 22. Be2 Nde4 23. Bh2 Nxf2 24. Bf1 N2e4 25. bxc4 dxc4 26. Rad1 b5 27.
Rd4 Nd5 28. a4 a6 29. g4 Ndxc3 30. a5 Rac8 31. Bg2 b4 32. Qb2 b3 33. Rc1 Na4
34. Qa3 Nec3 35. Re1 b2 36. Rd6 Qe7 37. Qb4 Rb8 38. Qxc4 b1=Q 39. Rxb1 Qxe3+
40. Kh1 Rxb1+ 0-1

[Event "Montreal op"]
[Site "Montreal CAN"]
[Date "2014.09.06"]
[Round "3"]
[White "Gauthier, Denis"]
[Black "Wan, Kevin"]
[Result "0-1"]
[WhiteElo "1922"]
[BlackElo "2171"]
[PlyCount "90"]
[EventDate "2014.09.05"]
[EventType "swiss"]
[EventRounds "5"]
[EventCountry "CAN"]

1. d4 d5 2. c4 e6 3. Nc3 Nf6 4. cxd5 exd5 5. Bg5 Be7 6. e3 c6 7. Bd3 Nbd7 8.
Nge2 O-O 9. O-O Re8 10. Qc2 h6 11. Bh4 Nf8 12. a3 Ne6 13. b4 a6 14. Na4 b5 15.
Nc5 Nxc5 16. dxc5 a5 17. Nd4 Bd7 18. h3 Ra7 19. Qe2 Qa8 20. Rab1 axb4 21. axb4
Ne4 22. Bxe4 Bxh4 23. Bf5 Bxf5 24. Nxf5 Bf6 25. Qg4 Re4 26. Nxh6+ Kf8 27. Qf5
Bc3 28. Ng4 Rxb4 29. Qh7 Rxb1 30. Rxb1 b4 31. h4 Ra1 32. Kh2 Ke7 33. h5 Rxb1
34. Qxb1 Qb8+ 35. g3 b3 36. h6 gxh6 37. Kg2 Qb4 38. f3 Bg7 39. Qh7 b2 40. Qxg7
b1=Q 41. Qf6+ Ke8 42. Qxc6+ Kd8 43. Qxd5+ Kc8 44. Qc6+ Kb8 45. Qe8+ Ka7 0-1

[Event "Montreal op"]
[Site "Montreal CAN"]
[Date "2014.09.06"]
[Round "3"]
[White "Laptos, Kris"]
[Black "Turcotte, Jonathan"]
[Result "1-0"]
[WhiteElo "2278"]
[BlackElo "2088"]
[PlyCount "78"]
[EventDate "2014.09.05"]
[EventType "swiss"]
[EventRounds "5"]
[EventCountry "CAN"]

1. e4 c6 2. d4 d5 3. e5 Bf5 4. Nd2 e6 5. Nb3 Nd7 6. Be3 Rc8 7. Nf3 Bg4 8. h3
Bxf3 9. Qxf3 a6 10. Qg3 Ne7 11. Bd3 c5 12. dxc5 Ng6 13. f4 Qh4 14. Qxh4 Nxh4
15. Kf2 Nxc5 16. Nxc5 Bxc5 17. Bxc5 Rxc5 18. g3 Ng6 19. a4 O-O 20. Ke3 Ne7 21.
Ra3 Rfc8 22. b4 R5c7 23. b5 axb5 24. axb5 Rc3 25. Rxc3 Rxc3 26. Re1 g6 27. Kd4
Rc7 28. Rf1 Nc8 29. f5 Nb6 30. fxe6 fxe6 31. Rf6 Re7 32. Kc5 Na4+ 33. Kd6 Re8
34. Kd7 Rf8 35. Ke7 Ra8 36. Kxe6 Nb6 37. c3 Ra3 38. Bb1 Rxc3 39. Ba2 Na4 1-0

[Event "Montreal op"]
[Site "Montreal CAN"]
[Date "2014.09.06"]
[Round "3"]
[White "Libersan, Thierry"]
[Black "Lopez Linares, Lizandro"]
[Result "1-0"]
[WhiteElo "2212"]
[BlackElo "2125"]
[PlyCount "49"]
[EventDate "2014.09.05"]
[EventType "swiss"]
[EventRounds "5"]
[EventCountry "CAN"]

1. e4 c6 2. d4 d5 3. e5 Bf5 4. Nc3 e6 5. h4 h5 6. Be2 Be7 7. g3 g6 8. Nf3 Nd7
9. Bf4 Qb6 10. Qd2 Qxb2 11. Rb1 Qa3 12. Rxb7 Bb4 13. Rxb4 Qxb4 14. O-O Rb8 15.
Rb1 Qa5 16. Rxb8+ Nxb8 17. Nb5 Qxd2 18. Nd6+ Kd7 19. Bxd2 f6 20. Bb4 a5 21.
Bxa5 Bxc2 22. Bb4 f5 23. Nb7 Ne7 24. Nc5+ Ke8 25. Nxe6 1-0

[Event "Montreal op"]
[Site "Montreal CAN"]
[Date "2014.09.06"]
[Round "3"]
[White "Munro, Allan"]
[Black "Nicula, Marius"]
[Result "1-0"]
[WhiteElo "2120"]
[BlackElo "2233"]
[PlyCount "49"]
[EventDate "2014.09.05"]
[EventType "swiss"]
[EventRounds "5"]
[EventCountry "CAN"]

1. e4 e6 2. d4 d5 3. Nc3 Nf6 4. e5 Nfd7 5. f4 c5 6. Nf3 Nc6 7. Be3 Be7 8. Qd2
O-O 9. dxc5 Nxc5 10. O-O-O Rb8 11. Kb1 a6 12. Qf2 Nd7 13. Bd3 Nb4 14. g4 Qa5
15. Rhg1 Nc5 16. Rg3 Bd7 17. Bxh7+ Kxh7 18. Rh3+ Kg8 19. Ng5 Bxg5 20. Bxc5 Bd8
21. Bxf8 Kxf8 22. Rh8+ Ke7 23. Qh4+ f6 24. Qh7 Kf7 25. Rg8 1-0

[Event "Montreal op"]
[Site "Montreal CAN"]
[Date "2014.09.06"]
[Round "3"]
[White "Prahov, Valentin"]
[Black "Hirschberg, Valerian"]
[Result "1/2-1/2"]
[WhiteElo "2256"]
[BlackElo "2319"]
[PlyCount "62"]
[EventDate "2014.09.05"]
[EventType "swiss"]
[EventRounds "5"]
[EventCountry "CAN"]

1. e4 c5 2. d4 cxd4 3. c3 Nf6 4. e5 Nd5 5. cxd4 d6 6. Nf3 Nc6 7. Bc4 Nb6 8. Bb5
dxe5 9. Nxe5 Bd7 10. Nxd7 Qxd7 11. Be3 e6 12. O-O Be7 13. Nc3 O-O 14. Qg4 Rad8
15. Bxc6 bxc6 16. Rad1 f5 17. Qg3 Bf6 18. Rfe1 Nd5 19. Bg5 Qe7 20. Bxf6 Rxf6
21. Re5 Qb4 22. Nxd5 Rxd5 23. Rxd5 exd5 24. Qc3 Qa4 25. Qb3 Qa5 26. a3 Re6 27.
Kf1 g6 28. g3 Qa6+ 29. Qd3 Qb6 30. b4 Kf7 31. Re1 Qb5 1/2-1/2

[Event "Montreal op"]
[Site "Montreal CAN"]
[Date "2014.09.06"]
[Round "3"]
[White "Robichaud, Louis"]
[Black "Zhou, Qiyu"]
[Result "1/2-1/2"]
[WhiteElo "2075"]
[BlackElo "2113"]
[PlyCount "120"]
[EventDate "2014.09.05"]
[EventType "swiss"]
[EventRounds "5"]
[EventCountry "CAN"]

1. e4 c5 2. d3 Nc6 3. g3 g6 4. Bg2 Bg7 5. f4 d6 6. Nc3 e6 7. Nf3 Nge7 8. O-O
O-O 9. Be3 Nd4 10. e5 Nef5 11. Bf2 Nxf3+ 12. Qxf3 Nd4 13. Qd1 dxe5 14. fxe5
Bxe5 15. Ne4 f5 16. Nxc5 Qd6 17. b4 Nb5 18. a4 Nc3 19. Qe1 f4 20. gxf4 Rxf4 21.
Nb3 Rg4 22. Bc5 Qd5 23. Qf2 Bd7 24. Kh1 Bc6 25. Qf7+ Kh8 26. Bxd5 Bxd5+ 27. Rf3
Rf4 28. Qxf4 Bxf4 29. Raf1 Nxa4 30. c4 Bxf3+ 31. Rxf3 Nxc5 32. Nxc5 e5 33. Ne6
g5 34. d4 exd4 35. Nxd4 Rd8 36. Ne6 Rd1+ 37. Kg2 Rd2+ 38. Kf1 Rxh2 39. Nxf4
gxf4 40. Rxf4 Kg7 41. Rd4 Rc2 42. b5 Kg6 43. b6 axb6 44. Rd6+ Kg5 45. Rxb6 Rxc4
46. Rxb7 h5 47. Kg2 Kh4 48. Rg7 Rc2+ 49. Kh1 Kh3 50. Kg1 h4 51. Rh7 Rg2+ 52.
Kh1 Rg4 53. Ra7 Rb4 54. Ra3+ Kg4 55. Ra8 Kf3 56. Kh2 Rb1 57. Rf8+ Kg4 58. Rg8+
Kf3 59. Rf8+ Kg4 60. Rg8+ Kf3 1/2-1/2

[Event "Montreal op"]
[Site "Montreal CAN"]
[Date "2014.09.06"]
[Round "3"]
[White "Sambuev, Bator"]
[Black "Yu, Zong Yang"]
[Result "1-0"]
[WhiteElo "2571"]
[BlackElo "2304"]
[PlyCount "57"]
[EventDate "2014.09.05"]
[EventType "swiss"]
[EventRounds "5"]
[EventCountry "CAN"]

1. d4 Nf6 2. c4 e6 3. Nc3 Bb4 4. e3 O-O 5. Bd3 d5 6. a3 Bxc3+ 7. bxc3 dxc4 8.
Bxc4 c5 9. Ne2 Qc7 10. Bd3 b6 11. O-O Bb7 12. f3 e5 13. e4 Nc6 14. d5 Ne7 15.
c4 Nc8 16. f4 Nd7 17. Bb2 f6 18. fxe5 fxe5 19. Rxf8+ Kxf8 20. Qe1 Nd6 21. Qg3
Kg8 22. Nf4 Qd8 23. Ne6 Qe7 24. Bxe5 Nxe5 25. Qxe5 Bc8 26. Qg5 Qxg5 27. Nxg5
Ba6 28. e5 h6 29. Ne6 1-0

[Event "Montreal op"]
[Site "Montreal CAN"]
[Date "2014.09.06"]
[Round "3"]
[White "Sprumont, Oscar"]
[Black "Jacquet, Stephane"]
[Result "0-1"]
[WhiteElo "2108"]
[BlackElo "2040"]
[PlyCount "80"]
[EventDate "2014.09.05"]
[EventType "swiss"]
[EventRounds "5"]
[EventCountry "CAN"]

1. Nf3 Nf6 2. c4 e6 3. g3 d5 4. Bg2 Be7 5. O-O O-O 6. b3 c5 7. cxd5 Nxd5 8. Bb2
Nc6 9. d3 Bf6 10. Qc1 b6 11. Nbd2 Bb7 12. Ne4 Bd4 13. Nxd4 Nxd4 14. Re1 Rc8 15.
Qd2 Qe7 16. Rac1 a5 17. e3 Nb5 18. d4 cxd4 19. Bxd4 e5 20. Bb2 Nb4 21. Bc3 Nxa2
22. Qxa2 Bxe4 23. Bxe4 Nxc3 24. Qc2 g6 25. Bd3 Rc5 26. Qb2 Rfc8 27. Bc4 Ne4 28.
Bd5 Nf6 29. Bc4 Qc7 30. Rcd1 b5 31. Bd3 h5 32. h4 Rd8 33. Bb1 Rcd5 34. Rc1 Qd6
35. Qc3 b4 36. Qc7 Qxc7 37. Rxc7 Rd1 38. Kf1 Ng4 39. Rc1 R1d2 40. f3 Nh2+ 0-1